Memoria acerca del estado de la Escuela Normal Superior de Maestros de Barcelona durante el curso académico de 1907 a 1908 / por Augusto Vidal Perera
Descripción Física:
48 p. : taules ; 25 cm
Otros Autores:
Escuela Normal Superior de Maestros (Barcelona)
MARC
| LEADER | 00000nam a2200000Ia 4500 | ||
|---|---|---|---|
| 001 | 20626 | ||
| 008 | 160829s1908 xx 000 0 cat d | ||
| 080 | |a 3396, exp. 2 | ||
| 100 | |a Vidal Perera, Augusto |9 48097 | ||
| 245 | |a Memoria acerca del estado de la Escuela Normal Superior de Maestros de Barcelona durante el curso académico de 1907 a 1908 / por Augusto Vidal Perera | ||
| 260 | |a Barcelona : |b Imprenta de la Casa Provincial de Caridad, |c 1908 | ||
| 300 | |a 48 p. : |b taules ; |c 25 cm | ||
| 590 | |a A la coberta: Memoria corresponediente al curso de 1907 á 1908 | ||
| 650 | |a Escuela Normal Superior de Maestros (Barcelona) |9 48098 | ||
| 700 | |a Escuela Normal Superior de Maestros (Barcelona) |9 48098 | ||
| 901 | |a Arxiu | ||
| 942 | |n 1 | ||
| 952 | |0 0 |1 0 |4 0 |6 3396_EXP_2 |7 1 |9 54323 |a Arxiu |b Arxiu |d 2016-12-01 |l 0 |o 3396, exp. 2 |p 20626 |r 2016-12-01 00:00:00 |w 2016-12-01 |y ARXIU | ||
| 999 | |c 58192 |d 58192 | ||